[Event "Campeonato Estadual de Mestres do Rio d"]
[Site "TTC R Conde de Bomfim 451 Sal"]
[Date "2022.05.01"]
[Round "5.7"]
[White "Lage, Pedro Ferreira"]
[Black "Farias, Jose Walter"]
[Result "1-0"]
[WhiteElo "2100"]
[BlackElo "1800"]
[PlyCount "69"]
[EventDate "2022.04.29"]
[EventRounds "6"]
[EventCountry "BRA"]

1. Nf3 Nf6 2. c4 g6 3. Nc3 Bg7 4. e4 d6 5. d4 O-O 6. Be2 e5 7. O-O Nc6 8. d5
Ne7 9. b4 Ne8 10. c5 a5 11. Ba3 f5 12. Ng5 Kh8 13. Ne6 Bxe6 14. dxe6 axb4 15.
Bxb4 Nc6 16. Nd5 Nf6 17. cxd6 cxd6 18. e7 Nxe7 19. Nxe7 Qxe7 20. Bxd6 Qe6 21.
Bxf8 Bxf8 22. exf5 gxf5 23. Qb3 Qe7 24. Rfb1 Rb8 25. Rc1 Ne4 26. Rc2 Bh6 27.
Rd1 Rg8 28. Bf3 Nd6 29. Qb6 Bf8 30. Rc7 Qg5 31. Rxd6 Bxd6 32. Qxd6 f4 33. Be4
Rd8 34. Rxh7+ Kg8 35. Qe6+ 1-0

[Event "Campeonato Estadual de Mestres do Rio d"]
[Site "TTC R Conde de Bomfim 451 Sal"]
[Date "2022.05.01"]
[Round "5.8"]
[White "De Araujo, Sidney Rocha"]
[Black "Fernandes, Felipe Gambini"]
[Result "1/2-1/2"]
[WhiteElo "1800"]
[BlackElo "1937"]
[PlyCount "47"]
[EventDate "2022.04.29"]
[EventRounds "6"]
[EventCountry "BRA"]

1. d4 Nf6 2. c4 e6 3. Nf3 Bb4+ 4. Bd2 Qe7 5. e3 O-O 6. Bd3 d5 7. Qc2 b6 8. a3
Bxd2+ 9. Nbxd2 Nbd7 10. O-O c5 11. Rac1 Bb7 12. Rfe1 dxc4 13. Bxc4 cxd4 14.
Nxd4 Rac8 15. Qb1 Ne5 16. Be2 Rfd8 17. Rxc8 Rxc8 18. Rc1 Qd8 19. Rxc8 Qxc8 20.
Qc2 Qxc2 21. Nxc2 Kf8 22. h3 Ke7 23. Nd4 Ne4 24. Nxe4 1/2-1/2

[Event "Campeonato Estadual de Mestres do Rio d"]
[Site "TTC R Conde de Bomfim 451 Sal"]
[Date "2022.05.01"]
[Round "5.10"]
[White "De Oliveira, Sergio Patricio"]
[Black "Chaves, Jorge Antonio Torre"]
[Result "1-0"]
[WhiteElo "1472"]
[BlackElo "1855"]
[PlyCount "173"]
[EventDate "2022.04.29"]
[EventRounds "6"]
[EventCountry "BRA"]

1. d4 Nf6 2. c4 e6 3. Nc3 Bb4 4. Qc2 O-O 5. Bg5 Nc6 6. Nf3 h6 7. Bxf6 Qxf6 8.
e3 d6 9. Bd3 e5 10. d5 Ne7 11. O-O Bxc3 12. Qxc3 g5 13. Nd2 Qg7 14. f4 gxf4 15.
exf4 Bh3 16. Rf2 f5 17. fxe5 dxe5 18. Bc2 Bg4 19. Raf1 e4 20. Qg3 Bh5 21. Qe3
Bg6 22. Nb3 b5 23. Nd4 bxc4 24. Ne6 Nxd5 25. Qc5 Qe5 26. Nxf8 Rxf8 27. Qxc4 Kh7
28. Re1 e3 29. Rf3 Rf6 30. Bb3 Bf7 31. Qd3 c6 32. Bxd5 Bxd5 33. Rfxe3 Qxb2 34.
Re7+ Bf7 35. Rxa7 Qb6+ 36. Qe3 c5 37. Qe7 c4+ 38. Kh1 Kg6 39. Ra3 f4 40. Qe4+
Kg7 41. Rf1 Qd6 42. Rc3 Bd5 43. Qe2 Rg6 44. Rf2 Qf6 45. Rc1 Qg5 46. Re1 Rf6 47.
Ref1 Rg6 48. Kg1 f3 49. Qb2+ Kh7 50. Rxf3 Bxf3 51. Rxf3 Qc5+ 52. Kh1 Qd5 53.
Qe2 Qe6 54. Re3 Qf6 55. Rf3 Qd4 56. Qc2 Kg7 57. h3 Qd6 58. Qc3+ Kg8 59. Re3 Qc6
60. Re2 h5 61. Rc2 Kh7 62. Qxc4 Qf6 63. Qe2 Qf5 64. Rb2 Re6 65. Qf2 Qg6 66.
Rb7+ Kg8 67. Qd2 Rd6 68. Rb8+ Kh7 69. Qe2 Re6 70. Rb7+ Kg8 71. Qc4 Kf8 72. Qf4+
Kg8 73. Rb8+ Re8 74. Qc4+ Kf8 75. Qc5+ Kg8 76. Qe5 Rxb8 77. Qxb8+ Kh7 78. Qb3
Qf5 79. Qb7+ Kg8 80. Qb8+ Kg7 81. a4 h4 82. Qc7+ Kh6 83. a5 Qe4 84. a6 Qe1+ 85.
Kh2 Qe4 86. a7 Qd5 87. Qb8 1-0

[Event "Campeonato Estadual de Mestres do Rio d"]
[Site "TTC R Conde de Bomfim 451 Sal"]
[Date "2022.05.01"]
[Round "5.12"]
[White "Dias, Matheus Braga"]
[Black "Machado, Wallace Fernandes"]
[Result "1-0"]
[WhiteElo "1781"]
[BlackElo "1691"]
[PlyCount "71"]
[EventDate "2022.04.29"]
[EventRounds "6"]
[EventCountry "BRA"]

1. e4 c5 2. c4 e6 3. Nc3 Nc6 4. g3 Nf6 5. Bg2 Be7 6. Nge2 a6 7. O-O O-O 8. d3
Qc7 9. f4 d6 10. h3 Bd7 11. Be3 Rfd8 12. g4 Be8 13. Ng3 Nd7 14. g5 Rab8 15. a4
Bf8 16. Qe2 g6 17. h4 Nb4 18. h5 Bg7 19. h6 Bd4 20. Kh2 Bxe3 21. Qxe3 Nc2 22.
Qf3 Nxa1 23. Rxa1 Qb6 24. Qf2 Qb3 25. Rf1 Qb6 26. Bh3 Rbc8 27. f5 Ne5 28. fxe6
f6 29. gxf6 Rc7 30. Nd5 Nxd3 31. f7+ Bxf7 32. exf7+ Kf8 33. Nxb6 Nxf2 34. Rxf2
Re7 35. Nd5 Re5 36. Nf6 1-0

[Event "Campeonato Estadual de Mestres do Rio d"]
[Site "TTC R Conde de Bomfim 451 Sal"]
[Date "2022.05.01"]
[Round "6.1"]
[White "De Carvalho, Jose Jorge"]
[Black "Okamura, Milton Kasuo"]
[Result "1/2-1/2"]
[WhiteElo "2159"]
[BlackElo "1907"]
[PlyCount "150"]
[EventDate "2022.04.29"]
[EventRounds "6"]
[EventCountry "BRA"]

1. c4 e5 2. Nc3 Nf6 3. e4 Bc5 4. g3 O-O 5. Bg2 Nc6 6. Nge2 a6 7. O-O d6 8. a3
Be6 9. d3 h6 10. Nd5 Nh7 11. Kh1 Nd4 12. f4 Bg4 13. Ndc3 f6 14. h3 Bh5 15. g4
Bf7 16. Nxd4 Bxd4 17. Ne2 Ba7 18. b3 b5 19. a4 bxc4 20. bxc4 Rb8 21. Bd2 Qd7
22. f5 Rb7 23. Qc2 Rfb8 24. Bc3 Rb3 25. Ra2 c6 26. Rb2 Rxb2 27. Bxb2 Qb7 28.
Bc3 Nf8 29. h4 Nd7 30. Qd2 Nc5 31. g5 Nb3 32. Qe1 hxg5 33. hxg5 fxg5 34. Qg3
Qe7 35. Rb1 Qf6 36. Ng1 Qh6+ 37. Nh3 Bh5 38. Qxg5 Qxg5 39. Nxg5 Be2 40. Bf1
Bxf1 41. Rxf1 Nc5 42. f6 gxf6 43. Rxf6 Nxa4 44. Ba5 Bc5 45. Rg6+ Kh8 46. Bc7
Rb1+ 47. Kh2 Rd1 48. Bd8 Rf1 49. Be7 Nb2 50. Bxd6 Bd4 51. Be7 c5 52. Bf6+ Rxf6
53. Rxf6 Nxd3 54. Rxa6 Nb2 55. Kh3 Nxc4 56. Kg4 Kg7 57. Kh5 Nd2 58. Ra7+ Kf8
59. Kg6 Be3 60. Nf7 Nxe4 61. Nxe5 Bd4 62. Nc4 Ke8 63. Kf5 Nf6 64. Ke6 Kf8 65.
Nd6 Kg8 66. Kf5 Nd5 67. Rb7 Kf8 68. Rd7 Ne7+ 69. Ke6 Ng6 70. Rf7+ Kg8 71. Rc7
Kf8 72. Nf5 Nf4+ 73. Kd7 Kf7 74. Kc6+ Kf6 75. Nxd4 cxd4 1/2-1/2

[Event "Campeonato Estadual de Mestres do Rio d"]
[Site "TTC R Conde de Bomfim 451 Sal"]
[Date "2022.05.01"]
[Round "6.2"]
[White "Limp, Eduardo Thelio Da S"]
[Black "Yunes, David Teles"]
[Result "1/2-1/2"]
[WhiteElo "2322"]
[BlackElo "1955"]
[PlyCount "52"]
[EventDate "2022.04.29"]
[EventRounds "6"]
[EventCountry "BRA"]

1. d4 Nf6 2. Nf3 g6 3. c3 Bg7 4. Qc2 d5 5. Bg5 O-O 6. Nbd2 c6 7. e3 Nbd7 8.
O-O-O a5 9. Bd3 c5 10. e4 cxd4 11. Nxd4 e5 12. Nb5 Nc5 13. Be2 Be6 14. c4 d4
15. Bd3 Qb6 16. Bxf6 Bxf6 17. a4 Rac8 18. b3 Bd7 19. Kb2 Bxb5 20. axb5 Qd6 21.
Ra1 b6 22. Ra2 Ra8 23. Rha1 Ra7 24. h3 Rfa8 25. Nf1 Qe7 26. Be2 Bg7 1/2-1/2

[Event "Campeonato Estadual de Mestres do Rio d"]
[Site "TTC R Conde de Bomfim 451 Sal"]
[Date "2022.05.01"]
[Round "6.3"]
[White "Lima, Stefan Moisei Vieir"]
[Black "Manzi, Luiz Antonio Bardar"]
[Result "1-0"]
[WhiteElo "1820"]
[BlackElo "2008"]
[PlyCount "27"]
[EventDate "2022.04.29"]
[EventRounds "6"]
[EventCountry "BRA"]

1. e4 Nf6 2. e5 Nd5 3. c4 Nb6 4. d4 d6 5. f4 dxe5 6. fxe5 Bf5 7. Nc3 e6 8. Be2
Bb4 9. Nf3 c5 10. O-O cxd4 11. Qxd4 Qxd4+ 12. Nxd4 Bc5 13. Be3 Nc6 14. Nxf5 1-0

[Event "Campeonato Estadual de Mestres do Rio d"]
[Site "TTC R Conde de Bomfim 451 Sal"]
[Date "2022.05.01"]
[Round "6.6"]
[White "Fernandes, Felipe Gambini"]
[Black "De Oliveira, Sergio Patricio"]
[Result "1-0"]
[WhiteElo "1937"]
[BlackElo "1472"]
[PlyCount "69"]
[EventDate "2022.04.29"]
[EventRounds "6"]
[EventCountry "BRA"]

1. d4 d5 2. c4 e6 3. Nc3 Nf6 4. cxd5 exd5 5. Bg5 Be7 6. e3 O-O 7. Bd3 h6 8. Bh4
Nbd7 9. Nge2 c5 10. O-O b6 11. Rc1 Bb7 12. Bb1 Rc8 13. Re1 cxd4 14. Nxd4 g6 15.
a3 Re8 16. Re2 Ne4 17. Bxe7 Qxe7 18. Nxe4 dxe4 19. Rec2 Nc5 20. b4 Na6 21. Ba2
Qd7 22. Bb3 Nc7 23. Rd2 Qe7 24. Nc6 Bxc6 25. Rxc6 Qf8 26. Rxg6+ Kh7 27. Rgd6
Re5 28. Rd7 Rf5 29. Qg4 Rf6 30. Qxe4+ Kg8 31. Qe5 Ne8 32. g3 Qg7 33. Rd1 Qg4
34. Rd8 Qf3 35. Qxe8+ 1-0

[Event "Campeonato Estadual de Mestres do Rio d"]
[Site "TTC R Conde de Bomfim 451 Sal"]
[Date "2022.05.01"]
[Round "6.8"]
[White "Nunes, Felipe Streva"]
[Black "De Araujo, Sidney Rocha"]
[Result "1-0"]
[WhiteElo "1822"]
[BlackElo "1800"]
[PlyCount "69"]
[EventDate "2022.04.29"]
[EventRounds "6"]
[EventCountry "BRA"]

1. e4 c5 2. Nf3 d6 3. d4 cxd4 4. Nxd4 Nf6 5. Nc3 a6 6. f3 g6 7. Bc4 Bg7 8. Be3
O-O 9. Qd2 Re8 10. g4 Nc6 11. h4 h5 12. O-O-O Ne5 13. Bb3 b5 14. gxh5 Nxh5 15.
f4 Nc4 16. Qf2 Nxe3 17. Qxe3 Bh6 18. Kb1 Bg4 19. Qg1 Qd7 20. f5 Nf6 21. fxg6
Kh8 22. gxf7 Rec8 23. Rf1 b4 24. Nd5 Nxe4 25. Nb6 Nd2+ 26. Ka1 Nxb3+ 27. axb3
Qb7 28. Nxc8 Qxc8 29. f8=Q+ Bxf8 30. Rxf8+ Qxf8 31. Qxg4 Qh6 32. Rg1 a5 33. Nf5
Qh7 34. Qd4+ e5 35. Qxd6 1-0

[Event "Campeonato Estadual de Mestres do Rio d"]
[Site "TTC R Conde de Bomfim 451 Sal"]
[Date "2022.05.01"]
[Round "6.9"]
[White "Chaves, Jorge Antonio Torre"]
[Black "Farias, Jose Walter"]
[Result "1-0"]
[WhiteElo "1855"]
[BlackElo "1800"]
[PlyCount "113"]
[EventDate "2022.04.29"]
[EventRounds "6"]
[EventCountry "BRA"]

1. d4 Nf6 2. Nf3 g6 3. Bg5 Bg7 4. Nbd2 O-O 5. e4 d6 6. h3 c5 7. c3 Qb6 8. Qc1
h6 9. Bh4 g5 10. Bg3 cxd4 11. Bd3 dxc3 12. bxc3 Nh5 13. Nc4 Qc5 14. e5 Nxg3 15.
fxg3 b5 16. Ne3 dxe5 17. O-O Bb7 18. Be2 f5 19. Kh2 e4 20. Nd4 Bxd4 21. cxd4
Qxc1 22. Raxc1 f4 23. gxf4 gxf4 24. Ng4 f3 25. gxf3 exf3 26. Bxb5 h5 27. Ne5
Ba6 28. a4 Bxb5 29. axb5 Rd8 30. Rxf3 Nd7 31. Rg1+ Kh8 32. Nxd7 Rxd7 33. Rf5 e6
34. Rxh5+ Rh7 35. Rxh7+ Kxh7 36. Kg3 Rd8 37. Ra1 Rxd4 38. Rxa7+ Kg6 39. Ra6 Kf6
40. Rb6 Rb4 41. h4 Rb3+ 42. Kg4 Rb4+ 43. Kh5 Rd4 44. Rb8 Rd7 45. b6 Rf7 46. b7
Kg7 47. Kg5 e5 48. Rg8+ Kxg8 49. b8=Q+ Kg7 50. h5 e4 51. h6+ Kh7 52. Qd6 Ra7
53. Qg6+ Kh8 54. Qxe4 Ra5+ 55. Kg4 Ra6 56. Qe5+ Kh7 57. Qg7# 1-0

[Event "Campeonato Estadual de Mestres do Rio d"]
[Site "TTC R Conde de Bomfim 451 Sal"]
[Date "2022.05.01"]
[Round "6.10"]
[White "Pereira, Pedro Nunes"]
[Black "Teixeira, Giovana Dos Santos"]
[Result "1-0"]
[WhiteElo "1820"]
[BlackElo "1814"]
[PlyCount "129"]
[EventDate "2022.04.29"]
[EventRounds "6"]
[EventCountry "BRA"]

1. d4 Nf6 2. Nf3 g6 3. Bf4 Bg7 4. e3 b6 5. c4 Bb7 6. Nc3 Ne4 7. Nxe4 Bxe4 8.
Bd3 Bb7 9. O-O O-O 10. Rb1 d6 11. b4 Nd7 12. c5 dxc5 13. bxc5 Bxf3 14. Qxf3
bxc5 15. dxc5 Nxc5 16. Be2 e5 17. Bg3 e4 18. Qf4 Rc8 19. Bg4 f5 20. Be2 Ne6 21.
Bc4 Re8 22. Bh4 Qd7 23. Rfd1 Qf7 24. Bxe6 Qxe6 25. Bg3 h6 26. Rb5 Rf8 27. Qh4
Kh7 28. Rbd5 Bf6 29. Qh3 Rcd8 30. Rxd8 Rxd8 31. Rc1 Qxa2 32. Rxc7+ Qf7 33.
Rxf7+ Kg8 34. Kf1 Kxf7 35. Qxh6 Bc3 36. Qh7+ Kf8 37. Bd6+ Rxd6 38. g3 a5 39.
Qc7 Bb4 40. g4 Rd1+ 41. Kg2 Rb1 42. gxf5 gxf5 43. Qc8+ Kg7 44. Qxf5 a4 45. Qd7+
Kf6 46. Qxa4 Be1 47. Qxe4 Rb4 48. Qc6+ Kf5 49. Qc5+ Kg6 50. Qc1 Rg4+ 51. Kf3
Kf5 52. Qc5+ Kf6 53. Kxg4 Bxf2 54. Qf5+ Ke7 55. Qxf2 Ke6 56. Qf5+ Ke7 57. h4
Kd6 58. h5 Ke7 59. h6 Kd6 60. h7 Ke7 61. h8=R Kd6 62. Rh6+ Ke7 63. Qh7+ Kf8 64.
Ra6 Ke8 65. Ra8# 1-0

[Event "Campeonato Estadual de Mestres do Rio d"]
[Site "TTC R Conde de Bomfim 451 Sal"]
[Date "2022.05.01"]
[Round "6.11"]
[White "Menezes, Grasielle Cristina "]
[Black "Dias, Matheus Braga"]
[Result "1-0"]
[WhiteElo "1779"]
[BlackElo "1781"]
[PlyCount "91"]
[EventDate "2022.04.29"]
[EventRounds "6"]
[EventCountry "BRA"]

1. d4 Nf6 2. c4 g6 3. Nc3 d5 4. Nf3 Bg7 5. Bg5 Ne4 6. cxd5 Nxg5 7. Nxg5 O-O 8.
e4 e6 9. Nf3 exd5 10. exd5 c6 11. Qb3 cxd5 12. Qxd5 Re8+ 13. Be2 Qe7 14. O-O
Nc6 15. Bb5 Bg4 16. Bxc6 bxc6 17. Qxc6 Rac8 18. Qd5 Rcd8 19. Rfe1 Qf6 20. Rxe8+
Rxe8 21. Ne5 Rd8 22. Nxg4 Qh4 23. Qf3 Rxd4 24. h3 f5 25. Re1 h5 26. Ne5 Kh7 27.
Qc6 Bxe5 28. Rxe5 Qf4 29. Re7+ Kh6 30. Qf3 Qxf3 31. gxf3 a5 32. Re6 Rb4 33. b3
Kg5 34. Re5 Rd4 35. Rxa5 Rd3 36. Rc5 Rxf3 37. Kg2 Rd3 38. a4 Kf4 39. a5 Rd6 40.
b4 g5 41. b5 g4 42. hxg4 fxg4 43. Rxh5 Rd2 44. b6 g3 45. Rh4+ Kf5 46. b7 1-0